Curve and surface design /

Guardado en:
Autor Corporativo: SIAM Activity Group on Geometric Design.
Otros Autores: Hagen, H. 1953-
Formato: Libro
Idioma:English
Publicado: Philadelphia : Society for Industrial and Applied Mathematics, c1992.
Series:Geometric design publications
Materias:
Etiquetas: Agregar Etiqueta
Sin Etiquetas, Sea el primero en etiquetar este registro!
LEADER 00953cam a2200265 a 4500
001 DCC.dcic000375
008 920319s1992####paua#####b####100#0#eng##
005 20151123151142.0
245 0 0 |a Curve and surface design /  |c edited by Hans Hagen. 
260 |a Philadelphia :  |b Society for Industrial and Applied Mathematics,  |c c1992. 
300 |a viii, 205 cm. :  |b il. ;  |c 25 cm. 
440 0 |a Geometric design publications 
500 |a "Sponsored by SIAM Activity Group on Geometric Design"--T.p. verso. 
504 |a Incluye referencias bibliográficas. 
020 |a 0898712815 
700 1 |a Hagen, H.  |q (Hans),  |d 1953- 
710 2 |a SIAM Activity Group on Geometric Design. 
082 0 0 |a 516/.6  |2 20 
650 0 |a Curves on surfaces  |x Congresses. 
650 0 |a Surfaces  |x Congresses. 
010 |a  92012066  
040 |a DLC  |c DLC  |d DLC  |d OCoLC 
050 0 0 |a QA643  |b .C87 1992 
859 |a DCIC  |b BIB. COMPUTACION  |p 0447  |t 1 
859 |a DCIC  |b BIB. COMPUTACION  |p 0448  |t 2